| 000 | 00503nam a2200193Ia 4500 | ||
|---|---|---|---|
| 008 | 101110s9999 xx 000 0 und d | ||
| 041 | _aENGLISH | ||
| 082 | _bSR23847 | ||
| 100 | _aChopde L. N., Choudhari D.H., Gadade S. T | ||
| 245 | _aFinanacial Accounting-T.Y.B.COM. | ||
| 365 | _b175 | ||
| 520 | _aCommerce | ||
| 546 | _aENGLISH | ||
| 630 | _aFinanacial Accounting-T.Y.B.COM. | ||
| 650 | _aCommerce | ||
| 655 | _aCommerce | ||
| 730 | _aFinanacial Accounting-T.Y.B.COM. | ||
| 942 | _cBOOK | ||
| 999 |
_c816536 _d816533 |
||